[Event "San Jose op"]
[Site "San Jose"]
[Date "2013.07.21"]
[Round "8"]
[White "Bermudez Vives, Sergio"]
[Black "Alvarez Fernandez, David"]
[Result "1-0"]
[WhiteElo "2177"]
[BlackElo "2168"]
[PlyCount "57"]
[EventDate "2013.06.29"]
[EventType "swiss"]
[EventRounds "9"]
[EventCountry "CRI"]
[SourceTitle "EXT 2014"]
[Source "ChessBase"]
[SourceDate "2013.11.20"]
[SourceVersion "1"]
[SourceVersionDate "2013.11.20"]
[SourceQuality "1"]

1. e4 e5 2. Nf3 Nc6 3. Bb5 a6 4. Ba4 Nf6 5. 0-0 b5 6. Bb3 Bc5 7. c3 d6 8. a4 Rb8 9. axb5 axb5 10. d4 Bb6 11. Na3 exd4 12. cxd4 0-0 13. Nxb5 Bg4 14. Be3 Re8 15. Nc3 Bxf3 16. gxf3 Nxd4 17. Ba4 Ne6 18. Bxe8 Nxe8 19. Qd2 h6 20. Kh1 Kh7 21. Rg1 Qf6 22. Rg3 Bd4 23. f4 Rxb2 24. Qxb2 Bxc3 25. Qb1 g6 26. Ra8 N6g7 27. Qd3 Nh5 28. Rxe8 Nxg3+ 29. hxg3 1-0

[Event "San Jose op"]
[Site "San Jose"]
[Date "2013.07.07"]
[Round "5"]
[White "Salazar, Pablo"]
[Black "Alvarez Fernandez, David"]
[Result "0-1"]
[WhiteElo "2128"]
[BlackElo "2168"]
[PlyCount "56"]
[EventDate "2013.06.29"]
[EventType "swiss"]
[EventRounds "9"]
[EventCountry "CRI"]
[SourceTitle "EXT 2014"]
[Source "ChessBase"]
[SourceDate "2013.11.20"]
[SourceVersion "1"]
[SourceVersionDate "2013.11.20"]
[SourceQuality "1"]

1. e4 e5 2. Nf3 d6 3. d4 Nf6 4. Nc3 Nbd7 5. Bc4 Be7 6. 0-0 0-0 7. Re1 c6 8. Bf1 Qc7 9. Bg5 b5 10. a4 b4 11. Nb1 a5 12. Nbd2 Re8 13. dxe5 dxe5 14. Nc4 Bf8 15. b3 Bb7 16. Bd3 c5 17. Qe2 g6 18. h3 Bg7 19. Qe3 Nh5 20. g3 f5 21. Nfd2 h6 22. g4 Nf4 23. Bh4 g5 24. gxf5 gxh4 25. Kh2 Kh8 26. Rg1 Bf6 27. Qf3 Nf8 28. Ne3 Nh7 0-1